000
00284nam a22001337a 4500
008
170606b xxu||||| |||| 00| 0 eng d
020
_a
9780801497643
041
_a
eng
080
_a
327
100
_a
18
101
_a
SHH
245
_a
MYTHS OF EMPIRE
_c
SNYDER, J
942
_2
udc
_c
BK
999
_c
16054
_d
16054